| 000 | 03067nam0a2200433 4500 | ||
|---|---|---|---|
| 001 | RU\NLR\BIBL_A\012926005 | ||
| 005 | 20221207112105.0 | ||
| 010 |
_a978-5-6047528-4-5 _950 |
||
| 021 |
_aRU _bКН-П-22-062071 _9КН-П-22-5376 |
||
| 035 | _a(NLR Aleph) 012926005 | ||
| 035 | _a(RuMoRGB)011206676 | ||
| 090 |
_a12659202 _c12659202 |
||
| 100 | _a20221031d2022 k y0rusy50 ca | ||
| 101 | 0 | _arus | |
| 102 | _aRU | ||
| 105 | _ay|||ac||001zy | ||
| 181 | 0 |
_ai _baxxe |
|
| 182 | 0 | _an | |
| 200 | 1 |
_aВалентин Сергеевич Ковешников _eбиблиографический указатель научных трудов _fМинистерство науки и высшего образования Российской Федерации, Федеральное государственное бюджетное научное учреждение "ВНИИ коневодства", Отдел научно-технической информации _gсоставители: Н. В. Соломатина [и др.] _gредактор: А. М. Зайцев _gавтор вступительной статьи: В. В. Калашников |
|
| 203 |
_aТекст _bвизуальный _cнепосредственный |
||
| 210 |
_aДивово _cИзд-во "ФГБНУВНИИ коневодства" _d2022 |
||
| 215 |
_a47 с. _d21 |
||
| 225 | 1 | _aМатериалы к библиографии деятелей сельскохозяйственной науки | |
| 320 | _aАлф. указ.: с. 36-46 | ||
| 330 | _aВалентин Сергеевич Ковешников доктор сельскохозяйственных наук, профессор, лауреат премии Правительства Российской федерации в области науки и техники, заслуженный экономист Российской Федерации, заслуженный работник сельского хозяйства Республики Калмыкия | ||
| 600 | 1 |
_aКовешников _bВ. С. _gВалентин Сергеевич _f1939 _jБиобиблиография _2nlr_sh2 _3RU\NLR\AUTH\6601715338 |
|
| 675 |
_a016:636.1(47+57)(092) _v4 |
||
| 686 | 1 | _aП.д(2)Ковешников.я1 | |
| 686 | 1 | _aУ32(2Р)д.я1 | |
| 702 | 1 |
_aСоломатина _bН. В. _gНадежда Викторовна _4220 |
|
| 702 | 1 |
_aЗайцев _bА. М. _cканд. с.-х. наук, животноводство _gАлександр Михайлович _3RU\NLR\AUTH\7766783 _4340 |
|
| 702 | 1 |
_aКовешников _bВ. С. _f1939- _gВалентин Сергеевич _4280 |
|
| 712 | 0 | 2 |
_aВсероссийский НИИ коневодства _cпос. Дивово, Рязанская обл. _bОтдел научно-технической информации _3RU\NLR\AUTH\880577406 _4570 |
| 942 | _cBOOK | ||
| 980 | _aNB | ||